Mobilné zdravotníctvo a digitálny spotrebiteľ

Vzhľadom k tomu, že ľudia v digitálnej ére hľadajú veľké množstvo informácií, je dôležité vybudovať silnú značku v digitálnom prostredí. Charakterizovanie spotrebiteľa v digitálnej ére. Povedomie digitálneho spotrebiteľa. Mobilné elektronické zdravotníctvo a jeho potenciál na trhu.

Guardado en:
Detalles Bibliográficos
Autor principal: Ružička, Tomáš, 1991-
Formato: Capítulo de libro
Lenguaje:eslovaco
Materias:
Etiquetas: Agregar Etiqueta
Sin Etiquetas, Sea el primero en etiquetar este registro!

MARC

LEADER 00000nla a2200000 4500
001 0226515
005 20240502073727.8
041 0 |a slo 
044 |a SK 
245 1 0 |a Mobilné zdravotníctvo a digitálny spotrebiteľ  |c Tomáš Ružička 
520 |a Vzhľadom k tomu, že ľudia v digitálnej ére hľadajú veľké množstvo informácií, je dôležité vybudovať silnú značku v digitálnom prostredí. Charakterizovanie spotrebiteľa v digitálnej ére. Povedomie digitálneho spotrebiteľa. Mobilné elektronické zdravotníctvo a jeho potenciál na trhu. 
610 2 0 |a marketing elektronický 
610 2 0 |a digitalizácia 
610 2 0 |a informatizácia 
610 2 0 |a komunikácia marketingová 
610 2 0 |a siete mobilné 
610 2 0 |a služby zdravotnícke 
100 1 |a Ružička, Tomáš, 1991-